00803 2200229 4500001002100000008004100021035002000062245010900082100001900191250001000210260003000220300003100250020002200281084001600303520007300319520003200392082001000424650002800434863008900462990001100551990001100562INLIS000000000015378 ind  a0010-1222000457 aSi Rusa & Kura-Kura yang BeranibAsyiknya Belajar Sikap Cinta DamaicBudi Dermawan; editor, Aulia Rahman aBUDI, Dermawan acet.2 aJakarta :bPS Kids,c2021 a32 hal.: ilus.c15 X 21 cm a978-979-788-615-8 a741.5 BUD s aBonus Aneka Permainan Motorik & Kognitif untuk Anak Cerdas & Kreatif aBilingual Indonesia Inggris a741.5 aCERITA BERGAMBAR. KOMIK aSeri Fabel Inspiratif Pengembangan Moral Karakter & Akhlak (Panduan untuk Orang Tua) a9906 a a9906 b